[Rezension von: Mischau, Anina, 1963-, Frauenforschung und feministische Ansätze in der Kriminologie]

Guardado en:  
Detalles Bibliográficos
Autor principal: Smaus, Gerlinda 1940- (Autor)
Otros Autores: Mischau, Anina 1963- (Antecedente bibliográfico)
Tipo de documento: Print Revisar
Lenguaje:Alemán
Publicado: 1998
En: Kriminologisches Journal
Año: 1998, Volumen: 30, Número: 3, Páginas: 231-233
Verificar disponibilidad: HBZ Gateway
Palabras clave:

MARC

LEADER 00000naa a2200000 c 4500
001 1949387763
003 DE-627
005 20260116133527.0
007 tu
008 260116s1998 xx ||||| o 00| ||ger c
035 |a (DE-627)1949387763 
035 |a (DE-599)KXP1949387763 
040 |a DE-627  |b ger  |c DE-627  |e rda 
041 |a ger 
084 |a 2,1  |2 ssgn 
100 1 |a Smaus, Gerlinda  |d 1940-  |e VerfasserIn  |0 (DE-588)110817494  |0 (DE-627)666283508  |0 (DE-576)164562648  |4 aut 
109 |a Smaus, Gerlinda 1940-  |a Šmaus, Gerlinda 1940-  |a Šmausová, Gerlinda 1940-  |a Goetzová, Gerlinda 1940- 
245 1 0 |a [Rezension von: Mischau, Anina, 1963-, Frauenforschung und feministische Ansätze in der Kriminologie]  |c Gerlinda Smaus, Saarbrücken 
264 1 |c 1998 
336 |a Text  |b txt  |2 rdacontent 
337 |a ohne Hilfsmittel zu benutzen  |b n  |2 rdamedia 
338 |a Band  |b nc  |2 rdacarrier 
655 7 |a Rezension  |0 (DE-588)4049712-4  |0 (DE-627)106186019  |0 (DE-576)209083166  |2 gnd-content 
700 1 |a Mischau, Anina  |d 1963-  |e VerfasserIn des Bezugswerks  |0 (DE-588)115785868  |0 (DE-627)077471490  |0 (DE-576)29007651X  |4 ant 
773 0 8 |i Enthalten in  |t Kriminologisches Journal  |d Weinheim : Beltz Juventa, 1969  |g 30(1998), 3, Seite 231-233  |w (DE-627)130092207  |w (DE-600)500591-7  |w (DE-576)018208223  |x 0341-1966  |7 nnas 
773 1 8 |g volume:30  |g year:1998  |g number:3  |g pages:231-233 
787 0 8 |i Rezension von  |a Mischau, Anina, 1963 -   |t Frauenforschung und feministische Ansätze in der Kriminologie  |d Pfaffenweiler : Centaurus-Verl.-Ges., 1997  |h 274 S.  |w (DE-627)236143158  |w (DE-576)062607065  |z 3825501507 
951 |a AR 
ELC |b 1 
LOK |0 000 xxxxxcx a22 zn 4500 
LOK |0 001 4850980287 
LOK |0 003 DE-627 
LOK |0 004 1949387763 
LOK |0 005 20260116133527 
LOK |0 008 260116||||||||||||||||ger||||||| 
LOK |0 040   |a DE-2619  |c DE-627  |d DE-2619 
LOK |0 092   |o n 
LOK |0 852   |a DE-2619 
LOK |0 852 1  |9 00 
LOK |0 939   |a 16-01-26  |b l01 
ORI |a SA-MARC-krimdoka001.raw